Statistiques concernant Michel célèbres - Aléatoire

Cliquez ici pour prendre le quiz!

Statistiques générales

  • Ce quiz a été pris 424 fois
  • Le résultat moyen est 4 sur 10

Statistiques - réponses

IndiceRéponse% Correct
Fonde en 1985 les Restos du CœurMichel Colucci
96%
Premier footballeur à obtenir trois Ballons d'or consécutifsMichel Platini
92%
Il a rejoint Le Paradis blanc en 1992 suite à une crise cardiaqueMichel Berger
80%
Animateur de nombreuses émissions télévisées dont Vivement dimancheMichel Drucker
79%
Membre du Splendid célèbre pour son rôle de Jean-Claude DusseMichel Blanc
76%
Chanteur dont la famille habite dans Le Loir-et-CherMichel Delpech
76%
Tueur en série, principalement de jeunes filles, dit "Monstre des Ardennes"Michel Fourniret
75%
Il "pense à la vieille anglaise qu'on appelait le Queen Mary" en chantant Le FranceMichel Sardou
74%
Incarne l'adjudant Gerber dans les films Le GendarmeMichel Galabru
71%
Médecin souvent élu animateur télé préféré des françaisMichel Cymes
70%
Sa Lettre la plus célèbre est adressée à FranceMichel Polnareff
69%
Va du Joueur de blues à la Boîte de jazzMichel Jonasz
58%
Journaliste sur l'ORTF, TF1 puis Canal+ ayant également présidé le PSGMichel Denisot
57%
Chanteur qui Fait comme l'oiseauMichel Fugain
55%
Seul acteur à avoir obtenu le César du meilleur acteur à trois reprises, dont un pour La Cage aux follesMichel Serrault
55%
Astrologue français du XVIème siècle célèbre pour ses ProphétiesMichel de Nostredame
54%
Réalisateur ayant reçu l'Oscar du meilleur film pour The ArtistMichel Hazanavicius
53%
Rival de François Mitterrand, Premier ministre entre 1988 et 1991Michel Rocard
52%
Philosophe de la Renaissance célèbre pour ses EssaisMichel de Montaigne
46%
Proche de de Gaulle impliqué dans la rédaction de la Constitution de 1958Michel Debré
44%
A terrassé le dragon et l'a expulsé du ParadisSaint-Michel
44%
Humoriste rendu célèbre par ses imitations d'hommes politiques et ses caricatures de nationalitésMichel Leeb
40%
Philosophe d'abord anti-lepeniste se rapprochant ensuite de l'extrême-droiteMichel Onfray
36%
Compositeur ayant remporté trois Oscars, également célèbre pour la bande-son des Demoiselles de RochefortMichel Legrand
35%
Récipiendaire du Prix Goncourt en 2010 pour La Carte et le TerritoireMichel Houellebecq
33%
Sélectionneur de l'équipe de France de football de 1976 à 1984Michel Hidalgo
32%
Réalisateur des Tontons flingueurs, dit "anarchiste de droite"Michel Audiard
31%
Maréchal nommé par Napoléon Ier en 1804, surnommé "brave des braves"Michel Ney
26%
Acteur engagé à gauche célèbre pour Le Mépris et époux de Juliette Gréco de 1966 à 1977Michel Piccoli
26%
Socialiste au nom végétal ministre à de nombreuses reprises entre 1991 et 2017Michel Sapin
25%
Philosophe français mort en 1984 du SIDA célèbre pour sa critique des institutions socialesMichel Foucault
23%
Ecrivain auteur de Le Roi des aulnes et Vendredi ou la Vie sauvageMichel Tournier
21%
Auteur français classé parmi ceux vendant le plus de livres, célèbre pour ses thrillersMichel Bussi
20%
Editeur ayant quitté Hachette pour fonder sa propre maison d'édition en 1980Michel Lafon
17%
Acteur célèbre pour ses seconds rôles, notamment dans Les Compères, Le Placard, La Doublure, Tais-toi !, L'Emmerdeur ou encore Palais royal !Michel Aumont
15%
Roi de Roumanie contraint à l'exil par les SoviétiquesMichel Ier
14%
Commissaire et négociateur européen, candidat malheureux à la primaire LR de 2021Michel Barnier
12%
Concepteur de jeux vidéo monégasque, créateur de RaymanMichel Ancel
11%
Célèbre pour le rôle de Roland Marci dans Plus belle la vie, il est également un fervent défenseur de la langue occitaneMichel Cordes
9%
Réalisateur de l'adaptation de L'Ecume des jours (2013)Michel Gondry
9%
Monstre sacré du cinéma considéré par Charlie Chaplin comme "le plus grand acteur du monde"Michel Simon
8%
Acteur décédé en 2022 notamment célèbre pour Renoir ou encore Toto le hérosMichel Bouquet
7%
Acteur incarnant le fils de Catherine Deneuve dans Palais royal ! puis son époux dans BernadetteMichel Vuillermoz
6%
Faisant partie des acteurs québécois les plus prolifiques de sa génération, il est notamment célèbre pour ses rôles dans C.R.A.Z.Y. ou encore Cruising BarMichel Côté
4%
Joue notamment dans Le Petit Nicolas, Mesrine : l'instinct de mort ou encore Le Retour du Grand BlondMichel Duchaussoy
4%
Ministre de l'Espace rural puis de la Justice sous SarkozyMichel Mercier
4%
Dramaturge et romancier canadien, son nom est le plus porté au QuébecMichel Tremblay
4%
Interprète de Ludovic dans La Belle et la Bête de Jean CocteauMichel Auclair
3%
Ministre des Affaires étrangères sous Pompidou puis du Commerce sous MitterrandMichel Jobert
1%

Distribution des résultats

Percentile par nombre de réponses

% des personnes avec chaque résultat

Votre développement - résultats

Vous n’avez pas pris ce quiz